<?xml version="1.0" encoding="UTF-8"?>
<record
    xmlns:xsi="http://www.w3.org/2001/XMLSchema-instance"
    xsi:schemaLocation="http://www.loc.gov/MARC21/slim http://www.loc.gov/standards/marcxml/schema/MARC21slim.xsd"
    xmlns="http://www.loc.gov/MARC21/slim">

  <leader>01097nam a2200289 a 4500</leader>
  <controlfield tag="003">DO-SdBNP</controlfield>
  <controlfield tag="005">20250610150022.0</controlfield>
  <controlfield tag="007">ta</controlfield>
  <controlfield tag="008">220202e2021    dr ao||gr|||| 001 edspa d</controlfield>
  <datafield tag="020" ind1=" " ind2=" ">
    <subfield code="a">9789945628555</subfield>
  </datafield>
  <datafield tag="040" ind1=" " ind2=" ">
    <subfield code="a">DO-SdBNP</subfield>
    <subfield code="b">spa</subfield>
    <subfield code="c">BNPHU</subfield>
  </datafield>
  <datafield tag="082" ind1=" " ind2="4">
    <subfield code="2">22</subfield>
    <subfield code="b">G643d</subfield>
  </datafield>
  <datafield tag="100" ind1="1" ind2=" ">
    <subfield code="9">79747</subfield>
    <subfield code="a">Gonz&#xE1;lez B&#xE1;ez, Keila</subfield>
  </datafield>
  <datafield tag="245" ind1=" " ind2=" ">
    <subfield code="a">De imposible a inevitable:</subfield>
    <subfield code="b">70 lecciones de manifestaci&#xF3;n basadas en hechos reales /</subfield>
    <subfield code="c">Keila Gonz&#xE1;lez B&#xE1;ez</subfield>
  </datafield>
  <datafield tag="246" ind1=" " ind2=" ">
    <subfield code="a">De imposible a inevitable:</subfield>
    <subfield code="b">setenta lecciones de manifestaci&#xF3;n basadas en hechos reales</subfield>
  </datafield>
  <datafield tag="260" ind1=" " ind2=" ">
    <subfield code="a">Santo Domingo :</subfield>
    <subfield code="b">Bien-etre,</subfield>
    <subfield code="c">2021</subfield>
  </datafield>
  <datafield tag="300" ind1=" " ind2=" ">
    <subfield code="a">166 p. :</subfield>
    <subfield code="b">il., fotogr. ;</subfield>
    <subfield code="c">22 cm.</subfield>
  </datafield>
  <datafield tag="500" ind1=" " ind2=" ">
    <subfield code="a">Incluye datos biogr&#xE1;ficos de la autora, p. 166</subfield>
  </datafield>
  <datafield tag="590" ind1=" " ind2=" ">
    <subfield code="a">Inventariado 2022 / MF</subfield>
  </datafield>
  <datafield tag="650" ind1=" " ind2="0">
    <subfield code="a">Liderazgo</subfield>
    <subfield code="z">Rep&#xFA;blica Dominicana</subfield>
    <subfield code="9">2140</subfield>
  </datafield>
  <datafield tag="650" ind1=" " ind2="4">
    <subfield code="9">31332</subfield>
    <subfield code="a">Ensayos Dominicanos</subfield>
    <subfield code="x">Relatos Personales</subfield>
  </datafield>
  <datafield tag="650" ind1=" " ind2="4">
    <subfield code="a">&#xC9;xito en los Negocios</subfield>
    <subfield code="x">Relatos personales</subfield>
    <subfield code="9">81108</subfield>
  </datafield>
  <datafield tag="650" ind1=" " ind2="4">
    <subfield code="a">Crecimiento Empresarial</subfield>
    <subfield code="z">Rep&#xFA;blica Dominicana</subfield>
    <subfield code="9">65544</subfield>
  </datafield>
  <datafield tag="650" ind1=" " ind2="4">
    <subfield code="9">77467</subfield>
    <subfield code="a">Viajes</subfield>
    <subfield code="x">Relatos personales</subfield>
  </datafield>
  <datafield tag="910" ind1=" " ind2=" ">
    <subfield code="a">MFeliz</subfield>
  </datafield>
  <datafield tag="942" ind1=" " ind2=" ">
    <subfield code="2">ddc</subfield>
    <subfield code="c">LBS1</subfield>
  </datafield>
  <datafield tag="952" ind1=" " ind2=" ">
    <subfield code="0">0</subfield>
    <subfield code="1">0</subfield>
    <subfield code="2">ddc</subfield>
    <subfield code="5">1</subfield>
    <subfield code="7">0</subfield>
    <subfield code="8">DS</subfield>
    <subfield code="a">BNPHU</subfield>
    <subfield code="b">PD</subfield>
    <subfield code="c">HD</subfield>
    <subfield code="d">2021-02-03</subfield>
    <subfield code="e">Dep&#xF3;sito legal / Keila Gonz&#xE1;lez</subfield>
    <subfield code="l">0</subfield>
    <subfield code="o">G643d</subfield>
    <subfield code="p">2022-0517</subfield>
    <subfield code="r">2022-02-02</subfield>
    <subfield code="w">2022-02-02</subfield>
    <subfield code="y">LBS1</subfield>
  </datafield>
  <datafield tag="952" ind1=" " ind2=" ">
    <subfield code="0">0</subfield>
    <subfield code="1">0</subfield>
    <subfield code="2">ddc</subfield>
    <subfield code="5">1</subfield>
    <subfield code="7">0</subfield>
    <subfield code="8">DS</subfield>
    <subfield code="a">BNPHU</subfield>
    <subfield code="b">PD</subfield>
    <subfield code="c">HD</subfield>
    <subfield code="d">2021-12-03</subfield>
    <subfield code="e">Dep&#xF3;sito legal / Keila Gonz&#xE1;lez</subfield>
    <subfield code="l">0</subfield>
    <subfield code="o">G643d</subfield>
    <subfield code="p">2022-0518</subfield>
    <subfield code="r">2022-02-02</subfield>
    <subfield code="t">e.2</subfield>
    <subfield code="w">2022-02-02</subfield>
    <subfield code="y">LBS1</subfield>
  </datafield>
  <datafield tag="952" ind1=" " ind2=" ">
    <subfield code="0">0</subfield>
    <subfield code="1">0</subfield>
    <subfield code="2">ddc</subfield>
    <subfield code="5">6</subfield>
    <subfield code="7">0</subfield>
    <subfield code="8">DS</subfield>
    <subfield code="a">BNPHU</subfield>
    <subfield code="b">DO</subfield>
    <subfield code="c">HD</subfield>
    <subfield code="d">2021-12-03</subfield>
    <subfield code="e">Dep&#xF3;sito legal / Keila Gonz&#xE1;lez</subfield>
    <subfield code="l">0</subfield>
    <subfield code="o">G643d</subfield>
    <subfield code="p">2022-0519</subfield>
    <subfield code="r">2022-02-02</subfield>
    <subfield code="t">e.3</subfield>
    <subfield code="w">2022-02-02</subfield>
    <subfield code="y">LBS1</subfield>
  </datafield>
  <datafield tag="999" ind1=" " ind2=" ">
    <subfield code="c">51317</subfield>
    <subfield code="d">51317</subfield>
  </datafield>
</record>
